Normal view MARC view

Entry Personal Name

Number of records used in: 2

001 - CONTROL NUMBER

  • control field: 539963

003 - CONTROL NUMBER IDENTIFIER

  • control field: OSt

005 - DATE AND TIME OF LATEST TRANSACTION

  • control field: 20220930080833.0

008 - FIXED-LENGTH DATA ELEMENTS

  • fixed length control field: 220930|| aca||aabn | a|a d

040 ## - CATALOGING SOURCE

  • Original cataloging agency: OSt
  • Transcribing agency: OSt

100 ## - HEADING--PERSONAL NAME

  • Personal name: Dr. B. K. Menon

670 ## - SOURCE DATA FOUND

  • Source citation: Work cat.: (OSt)870504: Girdhar Ankur 539962, Evaluation of systematic inflammation in patients with chronic obstructive pulmonary diseases and asthma and effects of standard treatment on the level of inflamation in these patients, 2007
Copyright @ Delhi University Library System